Szczegóły MARC21

Czego nie można kupić za pieniądze : moralne granice rynku /

003 -Nazwa inst., której nr kontr. jest w polu 001 [,]
    • @
    • Nazwa instytucji, której n kontrolny jest w polu 001
    • NUKAT
005 -DATA I CZAS OSTATNIEJ MODYFIKACJI [,]
    • @
    • pole kontrolne
    • 20241231093022.0
020 -Międzynarod. znormalizowany nr książki - ISBN [ , ]
    • a
    • Numer ISBN
    • 9788363993009 Find
040 -Instytucja sporządzająca opis [ , ]
    • a
    • Instytucja, która sporządziła opis (NP)
    • GD U/AEK
    • c
    • Instytucja, która sporządziła rekord (NP)
    • GD U/AEKs
    • d
    • Instytucja, która zmodyfikowała rekord (P)
    • WR O/KS
    • d
    • Instytucja, która zmodyfikowała rekord (P)
    • WA 004/ac
041 -Język dokumentu [1, ]
    • a
    • Język tekstu (P)
    • polski
    • h
    • Język tekstu oryginalnego i/lub pośredniego (P)
    • angielski
942 -Rodzaj dokumentu [ , ]
    • c
    • Rodzaj dokumentu
    • Książka
100 -Hasło główne - nazwa osobowa [1, ]
    • a
    • Nazwa osobowa (NP)
    • Sandel, Michael J.
    • d
    • Daty biograficzne (NP)
    • (1953- ).
    • 9
    • KHW
    • 65122
240 -Tytuł ujednolicony [1,0]
    • a
    • Tytuł ujednolicony
    • What money can't buy
    • l
    • Język tekstu
    • (pol.)
    • 9
    • KHW
    • 65125
245 -Strefa tytułu i oznaczenia odpowiedzialności [1,0]
    • a
    • Tytuł
    • Czego nie można kupić za pieniądze : Find
    • b
    • Ciąg dalszy tytułu (NP)
    • moralne granice rynku / Find
    • c
    • Pozostałe elementy strefy tytułu i oznaczenia odpowiedzialności (NP)
    • Michael J. Sandel ; przeł.: Anna Chromik, Tomasz Sikora ; [z przedm. Krzysztofa Michalskiego].
260 -Strefa adresu wydawniczego [ , ]
    • a
    • Miejsce wydania (P)
    • Warszawa :
    • b
    • Nazwa wydawcy (P)
    • Kurhaus Publishing Kurhaus Media,
    • c
    • Data wydania (P)
    • 2012.
300 -Strefa opisu fizycznego [ , ]
    • a
    • Określenie formy książki i/lub objętość (NP)
    • 259 s. ;
    • c
    • Format (NP)
    • 21 cm.
336 -Typ zawartości [ , ]
    • a
    • Termin opisujący typ zawartości
    • Tekst
    • b
    • Kod określający zawartość
    • txt
    • 2
    • Źródło (terminu i kodu)
    • rdacontent
337 -Typ mediów [ , ]
    • a
    • Tryb odtwarzania
    • Bez urządzenia pośredniczącego
    • b
    • Kod typu mediów
    • n
    • 2
    • Źródło (terminu i kodu)
    • rdamedia
338 -Typ/rodzaj nośnika [ , ]
    • a
    • Hasło opisujące typ nośnika
    • Wolumin
    • b
    • Kod typu nośnika
    • nc
    • 2
    • Źródło (terminu i kodu)
    • rdacarrier
490 -Strefa serii i książki wielotomowej - forma nie do wyszukiwania [1, ]
    • a
    • Tytuł (P)
    • Refleksje Find
830 -Hasło dodatkowe serii i opisu książki wielotomowej - tytuł ujednolicony/tytuł [ ,0]
    • a
    • Tytuł ujednolicony/tytuł (NP)
    • Refleksje
    • 9
    • KHW
    • 65126
500 -Uwaga ogólna [ , ]
    • a
    • Uwaga ogólna (NP)
    • Tyt. oryg.: What money can't buy : the moral limits of markets.
080 -Uniwersalna Klasyfikacja Dziesiętna [ , ]
    • 2
    • Identyfikator wydania tablic
    • UDC-P058
    • 9
    • UKD
    • 2470
    • a
    • Symbol klasyfikacji
    • 17
    • b
    • Dopowiedzenie
    • Etyka. Moralność. Filozofia praktyczna. Rola i metoda etyki. Istota moralności. Fakty moralne. Ocena moralna. Wartości i dobra moralne. Prawa moralne. Zasady moralne. Stanowiska i kierunki w etyce.
080 -Uniwersalna Klasyfikacja Dziesiętna [ , ]
    • 2
    • Identyfikator wydania tablic
    • UDC-P058
    • 9
    • UKD
    • 2950
    • a
    • Symbol klasyfikacji
    • 330.162
    • b
    • Dopowiedzenie
    • Etyka gospodarcza. Etyka biznesu.
080 -Uniwersalna Klasyfikacja Dziesiętna [ , ]
    • 2
    • Identyfikator wydania tablic
    • UDC-P058
    • 9
    • UKD
    • 2963
    • a
    • Symbol klasyfikacji
    • 330.342.14
    • b
    • Dopowiedzenie
    • Gospodarka kapitalistyczna. Ekonomia polityczna kapitalizmu.
080 -Uniwersalna Klasyfikacja Dziesiętna [ , ]
    • 2
    • Identyfikator wydania tablic
    • UDC-P058
    • 9
    • UKD
    • 2758
    • a
    • Symbol klasyfikacji
    • 316.323.6
    • b
    • Dopowiedzenie
    • Społeczeństwa kapitalistyczne. Społeczeństwa wczesnokapitalistyczne. Rozwinięte społeczeństwa kapitalistyczne.
650 -Hasło przedmiotowe [ ,7]
    • a
    • Hasło przedmiotowe
    • Ekonomia
    • x
    • Określnik rzeczowy
    • aspekt moralny.
    • 2
    • Źródło terminu
    • kaba
    • 9
    • KHW
    • 362378
650 -Hasło przedmiotowe [ ,7]
    • a
    • Hasło przedmiotowe
    • Kapitalizm
    • x
    • Określnik rzeczowy
    • aspekt moralny.
    • 2
    • Źródło terminu
    • kaba
    • 9
    • KHW
    • 359053
650 -Hasło przedmiotowe [ ,7]
    • a
    • Hasło przedmiotowe
    • Bogactwo
    • x
    • Określnik rzeczowy
    • aspekt moralny.
    • 2
    • Źródło terminu
    • kaba
    • 9
    • KHW
    • 144890
980 -Symbol UKD [ , ]
    • a
    • UKD
    • 17:330.162:330.342.14:316.323.6
700 -Hasło dodatkowe - nazwa osobowa [1, ]
    • a
    • Nazwa osobowa (NP)
    • Chromik-Krzykawska, Anna Maria. Find
    • e
    • Określenie rodzaju współpracy
    • Tł.
    • 9
    • KHW
    • 65123
700 -Hasło dodatkowe - nazwa osobowa [1, ]
    • a
    • Nazwa osobowa (NP)
    • Sikora, Tomasz. Find
    • e
    • Określenie rodzaju współpracy
    • Tł.
    • 9
    • KHW
    • 45225
700 -Hasło dodatkowe - nazwa osobowa [1, ]
    • a
    • Nazwa osobowa (NP)
    • Michalski, Krzysztof Find
    • d
    • Daty biograficzne (NP)
    • (1948-2013).
    • e
    • Określenie rodzaju współpracy
    • Przedm.
    • 9
    • KHW
    • 15387
920 -ISBN [ , ]
    • a
    • ISBN
    • 978-83-63993-00-9 Find
Status udost. Numer inwentarzowy Sygnatura Lokalizacja Data inwentaryzacji
-2T.13204T.13204T2013-10-31
-2TM.9776 T2013-12-10